书目信息 |
| 题名: |
材料力学
|
|
| 作者: | 张晓晴 主编 | |
| 分册: | ||
| 出版信息: | 北京 机械工业出版社 2021.06 |
|
| 页数: | 347页 | |
| 开本: | 26cm | |
| 丛书名: | 面向可持续发展的土建类工程教育丛书 | |
| 单 册: | ||
| 中图分类: | TB301 | |
| 科图分类: | ||
| 主题词: | 材料力学--cai liao li xue--高等学校--教材 | |
| 电子资源: | ||
| ISBN: | 978-7-111-67540-2 | |
| 000 | 01583nam 2200313 450 | |
| 001 | 202021191266 | |
| 005 | 20211025120130.0 | |
| 010 | @a978-7-111-67540-2@dCNY66.60 | |
| 100 | @a20210919d2021 em y0chiy50 ea | |
| 101 | 0 | @achi |
| 102 | @aCN@b110000 | |
| 105 | @aak a 000yy | |
| 106 | @ar | |
| 200 | 1 | @a材料力学@Acai liao li xue@f主编张晓晴 |
| 210 | @a北京@c机械工业出版社@d2021.06 | |
| 215 | @a347页@c图@d26cm | |
| 225 | 2 | @a面向可持续发展的土建类工程教育丛书@Amian xiang ke chi xu fa zhan de tu jian lei gong cheng jiao yu cong shu |
| 300 | @a“十三五”国家重点出版物出版规划项目 | |
| 312 | @a英文题名取自封面 | |
| 314 | @a张晓晴, 工学博士, 华南理工大学土木与交通学院教授, 博士生导师, “基础力学”教学团队首席教授和负责人。中国力学学会女科技工作者委员会委员、中国力学学会爆炸力学专委会工程结构安全防护专业组成员、广东省力学学会常务理事。被评为全国徐芝纶力学优秀教师、南粤优秀教师和华南理工大学本科教学名师。 | |
| 320 | @a有书目 (第347页) | |
| 330 | @a本书共13章, 依次为绪论、轴向拉压杆件的强度与变形计算、材料在拉伸和压缩时的力学性能、剪切与挤压的工程实用计算、扭转杆件的强度与刚度计算、平面弯曲杆件的应力与强度计算、平面弯曲杆件的变形与刚度计算、应力状态分析与强度理论、组合变形杆件的强度计算、压杆稳定计算、能量法及其应用、动载荷、交变应力与构件疲劳强度分析。 | |
| 410 | 0 | @12001 @a面向可持续发展的土建类工程教育丛书 |
| 510 | 1 | @aMechanics of materials@zeng |
| 606 | 0 | @a材料力学@Acai liao li xue@x高等学校@j教材 |
| 690 | @aTB301@v5 | |
| 701 | 0 | @a张晓晴@Azhang xiao qing@4主编 |
| 801 | 0 | @aCN@c20210909 |
| 905 | @a河南城建学院图书馆@dTB301@eZ215 | |
| 材料力学/主编张晓晴.-北京:机械工业出版社,2021.06 |
| 347页:图;26cm.-(面向可持续发展的土建类工程教育丛书) |
| “十三五”国家重点出版物出版规划项目 |
| ISBN 978-7-111-67540-2:CNY66.60 |
| 本书共13章, 依次为绪论、轴向拉压杆件的强度与变形计算、材料在拉伸和压缩时的力学性能、剪切与挤压的工程实用计算、扭转杆件的强度与刚度计算、平面弯曲杆件的应力与强度计算、平面弯曲杆件的变形与刚度计算、应力状态分析与强度理论、组合变形杆件的强度计算、压杆稳定计算、能量法及其应用、动载荷、交变应力与构件疲劳强度分析。 |
| ● |
| 相关链接 |
|
|
|
正题名:材料力学
索取号:TB301/Z215
 
预约/预借
| 序号 | 登录号 | 条形码 | 馆藏地/架位号 | 状态 | 备注 |
| 1 | 1540443 | 215404435 | 自科库501/501自科库 11排3列4层/ [索取号:TB301/Z215] | 在馆 | |
| 2 | 1540444 | 215404444 | 自科库501/501自科库 11排3列4层/ [索取号:TB301/Z215] | 在馆 |